Normal view
MARC view
- اعداد الدليمي، تحرير مهدي عواد؛ اشراف احمد حسن القضاة
Entry Personal Name
001 - CONTROL NUMBER
- control field: 57637
003 - CONTROL NUMBER IDENTIFIER
- control field: JO-AjAnu
005 - DATE AND TIME OF LATEST TRANSACTION
- control field: 20230606083434.0
008 - FIXED-LENGTH DATA ELEMENTS
- fixed length control field: 230606|| aca||aabn | a|a d
040 ## - CATALOGING SOURCE
- Original cataloging agency: JO-AjAnu
- Transcribing agency: JO-AjAnu
100 ## - HEADING--PERSONAL NAME
- Personal name: اعداد الدليمي، تحرير مهدي عواد؛ اشراف احمد حسن القضاة
670 ## - SOURCE DATA FOUND
- Source citation: Work cat.: (JO-AjAnu)29409: اعداد الدليمي، تحرير مهدي عواد؛ اشراف احمد حسن القضاة, author, فاعلية استخدام انموذج دانيال في التحصيل والتفكير الجانبي لدى طلبة الصف الثاني المتوسط في مادة الرياضيات في العراق=The Effectiveness of using danial model in achievement and lateral thinking a mong the second intermediate students in mathematics in irag